The U.S.-Japan alliance : past, present, and future /

Xehetasun bibliografikoak
Beste egile batzuk: Green, Michael J., Cronin, Patrick M., 1958-
Formatua: Liburua
Hizkuntza:English
Argitaratua: New York : Council on Foreign Relation Press, c1999.
Gaiak:
Classic Catalogue: View this record in Classic Catalogue
LEADER 01846nam a22003497a 4500
001 45734
003 BD-DhAAL
005 20260510183030.0
008 260510t1999 nyua|||| b||| 001 0 eng d
020 |a 9780876092491 
020 |a 0876092490 
040 |a BD-DhAAL  |c BD-DhAAL 
082 0 0 |a 327.73052  |2 21 
245 0 4 |a The U.S.-Japan alliance :  |b past, present, and future /  |c edited by Michael J. Green, Patrick M. Cronin. 
246 3 |a United States-Japan alliance 
260 |a New York :  |b Council on Foreign Relation Press,  |c c1999. 
300 |a xix, 403 pages :  |b illustrations ;  |c 23 cm 
500 |a "A Council on Foreign Relations book." -- cover.  
504 |a Includes bibliographical references and index.  
526 8 |a AAL 
541 1 |a Donated by Embassy of Japan in Bangladesh, Read Japan Project 2025, The Tokyo Foundation, supported by The Nippon Foundation.  |e 45735 
650 0 |a National security  |z United States  |x History  |y 20th century.  |9 60560 
650 0 |a National security  |z Japan  |x History  |y 20th century.  |9 60561 
651 0 |a United States  |x Foreign relations  |z Japan.  |9 60562 
651 0 |a Japan  |x Foreign relations  |z United States.  |9 60563 
651 0 |a United States  |x Foreign relation  |y 1989-  |9 60564 
700 1 |a Green, Michael J.   |9 60565 
700 1 |a Cronin, Patrick M.,  |d 1958-  |9 60566 
852 1 |a Ayesha Abed Library  |c General Stacks 
942 |2 ddc  |c BK 
999 |c 47904  |d 47904 
952 |0 0  |1 0  |2 ddc  |4 0  |6 327_730520000000000_UNI  |7 0  |9 79162  |a BRACUL  |b BRACUL  |d 2026-05-10  |e Donated by Embassy of Japan in Bangladesh, Read Japan Project 2025, The Tokyo Foundation, supported by The Nippon Foundation  |l 0  |o 327.73052 UNI  |p 3010045734  |r 2026-05-10  |t 1  |w 2026-05-10  |y BK  |x Donated copy received from Embassy of Japan in Bangladesh, Read Japan Project 2025, The Tokyo Foundation, supported by The Nippon Foundation on 08 April 2026; $19.95